Statistiques concernant Paroles "Les histoires d'A." - Les Rita Mitsouko

Cliquez ici pour prendre le quiz!

Statistiques générales

  • Ce quiz a été pris 17 fois
  • Le résultat moyen est 105 sur 154

Statistiques - réponses

Paroles% Correct
histoires
100%
le
100%
d'a-
94%
d'am-
94%
d'amour
94%
en
94%
fin
94%
finissent
94%
général
94%
général...
94%
général !
94%
Les
94%
les
94%
mal
94%
ne
88%
a
82%
de
82%
et
82%
Mais
82%
la
76%
lui
76%
si
76%
dans
71%
pas
71%
bien
65%
ça
65%
Qu'à
65%
rendait
65%
rien
65%
sa
65%
aimait
59%
bras
59%
celui-là
59%
dès
59%
Gérard
59%
he hey
59%
Il
59%
Nicolas
59%
que
59%
s'ennuyait
59%
Valérie
59%
allait
53%
est
53%
Gertrude
53%
Isabelle
53%
Patrick
53%
savait
53%
une
53%
vie
53%
attendit
47%
attendu
47%
gris
47%
jamais
47%
Michel
47%
monsieur
47%
mort
47%
n'est
47%
reparu
47%
retrouver
47%
sourit
47%
toute
47%
Hector
41%
Ho
41%
ho
41%
son
41%
alors
35%
euh
35%
faisant
35%
yeah
35%
Yeah
35%
Yeah !
35%
han,
29%
Han
29%
heures
29%
Tom
29%
21
24%
au
24%
Evelyne
24%
fugue
24%
Gilbert
24%
Gilbert,
24%
juste
24%
mariage
24%
moment
24%
partit
24%
s'engueulaient
24%
Simone
24%
sonnaient
24%
voyage
24%

Distribution des résultats

Percentile par nombre de réponses

% des personnes avec chaque résultat

Votre développement - résultats

Vous n’avez pas pris ce quiz